000 00289nam a22001337a 4500
008 180216b xxu||||| |||| 00| 0 eng d
020 _a9781930190115
041 _aeng
080 _a51
100 _a39
101 _amat
245 _aworkshop precalculus
_cbaxter.h
942 _2udc
_cBK
999 _c42819
_d42819